Music Quiz

Random Music Quiz

Quick Pick: B major scale Quiz Stats

Quiz not verified by Sporcle

Also try: Hallelujah Covers
Challenge
Share
Tweet
Embed
Score 0/8 Timer 01:00
0 Plays Today
% Correct
C#
87.5%
D#
81.3%
B
75%
B
75%
E
71.9%
F#
68.8%
G#
68.8%
A#
56.3%

You're not logged in!

Compare scores with friends on all Sporcle quizzes.
Sign Up with Email
OR
Log In

You Might Also Like...

Show Comments

Extras

Top Quizzes Today


Score Distribution

Your Account Isn't Verified!

In order to create a playlist on Sporcle, you need to verify the email address you used during registration. Go to your Sporcle Settings to finish the process.